German Strong Verbs - Statistics

General Stats
  • This quiz has been taken 798 times
    794 since last reset
  • The average score is 29 of 117
Answer Stats
Hint Answer % Correct
essen (to eat) gegessen haben
97%
geben (to give) gegeben haben
96%
lesen (to read) gelesen haben
95%
sehen (to see) gesehen haben
92%
treten (to step, kick) getreten haben
86%
helfen (to help) geholfen haben
68%
sprechen (to speak) gesprochen haben
63%
nehmen (to take) genommen haben
61%
werfen (to throw) geworfen haben
61%
treffen (to meet) getroffen haben
60%
sterben (to die) gestorben sein
53%
bleiben (to stay, remain) geblieben sein
49%
schreiben (to write) geschrieben haben
49%
heißen (to be called, named) geheißen haben
47%
trinken (to drink) getrunken haben
45%
singen (to sing) gesungen haben
44%
finden (to find) gefunden haben
43%
laden (to load) geladen haben
43%
steigen (to climb, get in or out) gestiegen sein
43%
tragen (to carry) getragen haben
43%
waschen (to wash) gewaschen haben
43%
fahren (to drive) gefahren sein
42%
schlagen (to hit, strike) geschlagen haben
42%
fallen (to fall) gefallen sein
41%
halten (to hold) gehalten haben
41%
laufen (to run, walk) gelaufen sein
41%
lassen (to leave, let) gelassen haben
40%
raten (to advice) geraten haben
40%
fliegen (to fly) geflogen sein
39%
schlafen (to sleep) geschlafen haben
38%
schließen (to close) geschlossen haben
36%
schieben (to shove, push) geschoben haben
36%
rufen (to call) gerufen haben
31%
fressen (to eat by an animal) gefressen haben
30%
backen (to bake) gebacken haben
28%
haben (to have) gehabt haben
28%
kommen (to come) gekommen sein
27%
fangen (to catch) gefangen haben
26%
bringen (to bring) gebracht haben
24%
braten (to roast) gebraten haben
24%
werden (to become, get) geworden sein
24%
blasen (to blow) geblasen haben
23%
graben (to dig) gegraben haben
22%
denken (to think) gedacht haben
21%
sein (to be) gewesen sein
21%
binden (to bind, tie) gebunden haben
20%
kennen (to know something physical) gekannt haben
20%
bitten (to ask, request) gebeten haben
19%
brechen (to break) gebrochen haben
18%
gelten (to be valid, pertain) gegolten haben
18%
hängen (to be hanging) gehangen haben
18%
heben (to lift) gehoben haben
18%
beißen (to bite) gebissen haben
17%
gehen (to go) gegangen sein
17%
bieten (to offer) geboten haben
16%
frieren (to freeze) gefroren sein
16%
gießen (to pour) gegossen haben
16%
liegen (to lie as in be laying down) gelegen haben
16%
mahlen (to grind) gemahlen haben
16%
messen (to measure) gemessen haben
16%
salzen (to salt) gesalzen haben
16%
tun (to do) getan haben
16%
biegen (to bend) gebogen haben
14%
fliehen (to flee) geflohen sein
14%
klingen (to sound) geklungen haben
14%
schwimmen (to swim) geschwommen sein
14%
sitzen (to sit) gesessen haben
14%
stehen (to stand) gestanden haben
14%
stinken (to stink) gestunken haben
14%
sinken (to sink) gesunken sein
14%
gleichen (to resemble) geglichen haben
13%
gleiten (to glide) geglitten sein
13%
lügen (to tell a lie) gelogen haben
13%
scheinen (to shine) geschienen haben
13%
spinnen (to spin) gesponnen haben
13%
stehlen (to steal) gestohlen haben
13%
ringen (to wrestle) gerungen haben
12%
scheiden (to separate) geschieden haben
12%
springen (to jump) gesprungen sein
12%
stechen (to sting) gestochen haben
12%
stoßen (to push) gestoßen haben
12%
wissen (to know as in general knowledge) gewusst haben
12%
greifen (to grab) gegriffen haben
11%
kneifen (to pinch) gekniffen haben
11%
spalten (to split) gespalten haben
11%
kriechen (to creep) gekrochen haben
10%
preisen (to praise) gepriesen haben
10%
reiben (to rub) gerieben haben
10%
schwören (to swear) geschworen haben
10%
schwingen (to swing) geschwungen sein
10%
werben (to recruit) geworben haben
10%
zwingen (to force) gezwungen haben
10%
brennen (to burn) gebrannt haben
9%
leihen (to lend) geliehen haben
9%
reißen (to rip) gerissen haben
9%
sinnen (to contemplate) gesonnen haben
9%
weisen (to point) gewiesen haben
9%
reiten (to ride) geritten sein
8%
schwellen (to swell) geschwollen sein
8%
pfeifen (to whistle) gepfiffen haben
7%
riechen (to smell) gerochen haben
7%
schleichen (to sneak) geschlichen sein
7%
schmeißen (to fling, toss) geschmissen haben
7%
schreien (to scream) geschrien haben
7%
schweigen (to be silent) geschwiegen haben
7%
streichen (to delete, paint) gestrichen haben
7%
streiten (to argue) gestritten haben
7%
treiben (to drive, operate) getrieben haben
7%
wachsen (to grow) gewachsen sein
7%
schießen (to shoot) geschossen sein
6%
leiden (to suffer) gelitten haben
5%
nennen (to name) genannt haben
5%
schmelzen (to melt) geschmolzen sein
5%
schneiden (to cut) geschnitten haben
5%
schreiten (to stride) geschritten sein
5%
rennen (to race, run) gerannt sein
3%
ziehen (to pull) gezogen haben
3%
No matching quizzes found
Score Distribution
Percent of People with Each Score
Percentile by Number Answered
Your Score History
You have not taken this quiz since the last reset